| 000 | 00577nam a2200109Ia 4500 | ||
|---|---|---|---|
| 008 | 171212s9999 xx 000 0 und d | ||
| 100 | _aBurger, Nicholas;Gutierrez, Italo;Kumar, Krishna B.;Luoto, Jill E.;Monani, Dhaval | ||
| 245 |
_cBurger, Nicholas;Gutierrez, Italo;Kumar, Krishna B.;Luoto, Jill E.;Monani, Dhaval _aThe Socioeconomic Effects of the Working Poor Moving to Permanent Dwellings _bThe Case of the Ashray Affordable Housing Pilot Project in India |
||
| 260 |
_bRAND Corporation _c2014 |
||
| 650 | _aHistory | ||
| 856 | _uhttp://www.jstor.org/stable/10.7249/j.ctt14bs2q2 | ||
| 999 |
_c352718 _d352718 |
||